00986nam a22002297a 4500003000900000005001700009008003200026020001800058040002300076082002900099100004000128245014600168260007100314300002000385490007700405500007100482500007400553650003900627650002700666700004000693700002300733DO-SdBNP20230505080120.0210518b2014 dr |||| 00| 0 spa d a9789945443622 aBPMSUbspa cBPMSU 4aRD861.08bG633m 20142221 aGómez Rosa, Alexis, d1950 - 2019 3aLa mirada imantada :bantología poética /cAlexis Gómez Rosa ;coordinación de la edición José Alcántara Almánzar y Elvis Soto aSanto Domingo :bBanco Central de la República Dominicana,c2014 a317 p. ;c23 cm0 aBanco Central de la República Dominicana ;aArte y literatura v203/70 aIncluye datos biográficos del autor en la solapa de la cubierta  aIncluye referencias bibliográficas y notas al pie de las páginas  4aPoesía dominicana vColecciones  4aLiteratura dominicana 1 aAlcántara Almánzar, Joséeed.1 a Soto, Elvis eed,